دراسة تحليلية نقدية لمنهج النحو للصف الخامس الابتدائى
Saved in:
| Main Author: | |
|---|---|
| Other Authors: | |
| Format: | Thesis |
| Language: | Arabic |
| Published: |
خرطوم
: معهد خرطوم دولى غة عربية،
1986
|
| Subjects: | |
| Tags: |
Add Tag
No Tags, Be the first to tag this record!
|
| LEADER | 013380000a22003130004500 | ||
|---|---|---|---|
| 001 | 89326 | ||
| 005 | 20021114234600.0 | ||
| 008 | 940526s1986 ara | ||
| 035 | |a 295649 | ||
| 035 | |a (Sirsi) 89326 | ||
| 040 | |a UIAM |b eng | ||
| 049 | |b m | ||
| 050 | |a PJ6107 | ||
| 100 | 1 | |a تهامى، حياة عبد وهاب | |
| 245 | 1 | 0 | |a دراسة تحليلية نقدية لمنهج النحو للصف الخامس الابتدائى |
| 246 | 0 | 0 | |a Dirasat tahliliyah naqdiyah li-manhaj al-nahw lil-saff al-khamis al-ibtida'i / |c i'dad hayah 'Abd al-Wahab al-Tuhami <wa> 'Ali AhmadYusuf |
| 260 | 1 | |a خرطوم |b : معهد خرطوم دولى غة عربية، |c 1986 | |
| 300 | |a 193 p. | ||
| 502 | |a (M.A.)--Ma'had al-Khartum al-Dawli lil-Lughat al-'Arabiyah, 1986 | ||
| 596 | |a 1 | ||
| 650 | 8 | |a لغة عربية |x طرق تدريس (مدارس ابتدائية) | |
| 650 | 8 | |a رسالة جامعية | |
| 650 | 0 | |a Arabic language |x Grammar Study and teaching (Elementary) | |
| 650 | 0 | |a Arabic language |x Study and teaching (Elementary) | |
| 655 | 0 | 7 | |a Theses, non-IIUM |
| 700 | 1 | |a Tuhami, Hayat 'Abd al-Wahhab | |
| 900 | |a checked a r r 020196-naw | ||
| 999 | |c 430618 |d 462109 | ||
| 952 | |0 0 |6 T PJ 006107 T915D 1986 |7 0 |8 THESES |9 749890 |a IIUM |b IIUM |c MULTIMEDIA |g 0.00 |o t PJ6107T915D 1986 |p 00000295651 |r 2017-10-20 |t 1 |v 0.00 |y THESIS | ||
